[Event "Czerniak Memorial 15th"]
[Site "Tel Aviv"]
[Date "1999.04.08"]
[Round "9"]
[White "Alterman, Boris"]
[Black "Gershon, Alik"]
[Result "1-0"]
[WhiteElo "2615"]
[BlackElo "2465"]
[Annotator "Alterman,B"]
[PlyCount "99"]
[EventDate "1999.03.??"]
[EventType "tourn"]
[EventRounds "9"]
[EventCountry "ISR"]
[EventCategory "10"]
[SourceTitle "CBM 071"]
[Source "ChessBase"]
[SourceDate "1999.08.01"]
[SourceVersion "1"]
[SourceVersionDate "1999.08.01"]
[SourceQuality "1"]

1. Nf3 Nf6 2. c4 c5 3. Nc3 e6 4. g3 Nc6 5. Bg2 d5 6. cxd5 exd5 7. d4 Be7 8. O-O
O-O 9. b3 Ne4 10. Bb2 Bf6 11. Na4 Re8 12. Rc1 b6 (12... cxd4 13. Bxd4 Nxd4 14.
Nxd4 Qa5 15. e3 Bd7 16. Bxe4 dxe4 17. Rc5 Qd8 18. Rd5 Qe7 19. Qd2 Rad8 20. Re1
Bxa4 21. Rxd8 Rxd8 22. bxa4 Qd7 23. Qc2 Bxd4 24. exd4 f5 25. Rd1 Qd5 {1/2-1/2
Falk,T-Unger,T/Hessen qual 1991/GER 02}) 13. Re1 Ba6 (13... Bb7 14. dxc5 Bxb2
15. Nxb2 bxc5 16. Na4 Qd6 17. Nd2 Qh6 18. Nxe4 dxe4 19. Rxc5 Ne5 20. Qc1 e3 21.
f3 Rad8 22. Rc7 Ba8 23. Qc5 f6 24. Re7 Rf8 25. Rxa7 Rd7 26. Rxa8 Rxa8 27. f4
$18 {1-0 Banas,J-Fochtler,E/Schwaebisch Gmuend op 1990/EXT 90op (32)}) 14. dxc5
Bxb2 15. Nxb2 bxc5 16. Na4 Qa5 $2 (16... c4 17. Nd2 $14) 17. Nxc5 (17. Qxd5 Nb4
(17... Rad8 18. Qxc6 Re6 19. Rxc5 $18) 18. Qf5 $1 (18. Qh5 Rac8) 18... g6 19.
Qf4 $1 $16) 17... Nc3 (17... Nxc5 18. Qxd5 Nxb3 19. Qxb3 $16) (17... Qb6 18.
Qxd5 Nb4 (18... Rad8 19. Qh5 g6 20. Qh6 Nxc5 21. Ng5 Rd7 22. Bxc6 Qxc6 23.
Qxh7+ Kf8 24. Qh8+ Ke7 25. Qe5+ Kd8 26. Qxc5 $18) 19. Qh5 $1 (19. Qf5 g6 (19...
Bc8 20. Qh5 (20. Qf4 Nxc5 21. Ng5 Be6 22. Bxa8 Rxa8 23. Qe3 $16) 20... g6 21.
Qh6 Nxc5 22. Ng5 $18) 20. Qf4 Nxc5 21. Ng5 f6 22. Bxa8 fxg5 23. Qxg5 Ne6 24.
Bd5 $16) 19... g6 20. Qh6 Nxc5 21. Ng5 $18) 18. b4 $1 {[%cal Gc5a6,Gc1c3,Rb4a5]
[%mdl 64]} (18. Rxc3 Qxc3 19. Nxa6 Qa5 20. Qd3 Ne5 21. Qb1 Qxa6) 18... Qxc5 (
18... Nxd1 $8 19. bxa5 Bxe2 20. Rcxd1 Bxd1 21. Rxd1 Nxa5 22. Nd4 Rac8 23. Ncb3
$16) 19. bxc5 Nxd1 20. Rexd1 $1 (20. Rcxd1 Bc4 21. a3 Rac8 22. e3 Na5 23. Nd4
Rxc5 24. Rb1 g6 25. Red1 Rec8 26. h4 h5 27. Bf3 Nc6 28. Nxc6 R8xc6 29. Rb7 Ra6
30. Rd7 Rca5 31. Kg2 Rxa3 32. Bxd5 Bxd5+ 33. R1xd5 Ra2 $11 {1/2-1/2 Stajcic,
N-Miljanic,B/Budapest Herbstlich 1990/EXP 20 (44)}) 20... Bc4 21. e4 $1 {
[%csl Yd5][%cal Gc1c4,Gd1d5,Re4d5][%mdl 4096]} Nb4 (21... Rxe4 22. Nd2 Re6 23.
Nxc4 dxc4 24. Rd6 Rc8 25. Bxc6 Rxd6 26. cxd6 Rxc6 27. d7 Rd6 28. Re1 $18) (
21... Rad8 22. Nd4 $16) 22. exd5 Bxd5 23. a3 $5 (23. Rb1 Nxa2 24. Rxd5 Nc3 25.
Rdd1 Rac8 26. Bh3 $18) 23... Na2 24. Rc2 Bb3 25. Rdd2 {[%csl Ra2]} Bxc2 26.
Rxc2 Rac8 (26... Rad8 $1 27. Rxa2 (27. c6 Rd1+ 28. Bf1 Nc1 (28... Rc1 29. Rxc1
Nxc1 30. Bh3 g6 31. Bd7 $18) 29. Kg2 Rc8 30. c7 Nd3 31. Be2 Nf4+ 32. gxf4 Rd7
$16) 27... Rd1+ 28. Bf1 Rc1 29. Kg2 Rxc5 30. Rb2 $16) 27. Bh3 Rc7 28. c6 Rb8
29. Nd2 $18 a5 30. Bd7 Nb4 31. axb4 Rxb4 32. Rc5 a4 33. Ra5 Kf8 34. Nf1 Ke7 35.
Ne3 Rxd7 36. cxd7 Kxd7 37. Nd5 Rb7 38. Rxa4 Ke6 39. Ne3 g6 40. Kg2 Kf6 41. g4
h6 42. Kg3 Kg7 43. Ra6 Rc7 44. Rd6 Rc3 45. h4 Rb3 46. Kg2 Rb4 47. h5 Rb5 48.
hxg6 fxg6 49. f4 h5 50. f5 1-0

[Event "Vladimir op"]
[Site "Vladimir"]
[Date "2002.08.21"]
[Round "6"]
[White "Atalik, Suat"]
[Black "Prizant, Jaroslav"]
[Result "1-0"]
[WhiteElo "2551"]
[BlackElo "2459"]
[Annotator "Atalik,S"]
[PlyCount "89"]
[EventDate "2001.08.16"]
[EventType "swiss"]
[EventRounds "9"]
[EventCountry "RUS"]
[SourceTitle "CBM 091"]
[Source "ChessBase"]
[SourceDate "2002.11.12"]
[SourceVersion "1"]
[SourceVersionDate "2002.11.12"]
[SourceQuality "1"]

1. d4 e6 2. c4 d5 3. Nc3 c5 {Tarrasch's Defence. I had an oppurtunity to work
some system against it while getting prepared against Greek IM Halkias.} 4.
cxd5 exd5 5. Nf3 Nc6 6. g3 Nf6 7. Bg2 Be7 8. O-O O-O 9. dxc5 {Van Wely's
choice.} Bxc5 10. Bg5 d4 11. Bxf6 Qxf6 12. Nd5 Qd8 13. Nd2 {The stem position
for the line.} Re8 14. Rc1 Bb6 15. Nc4 {Start for the tactical sequence.} Bg4
16. Re1 Ba5 17. Nxa5 Qxa5 18. b4 {A lot of tactical looking moves but infact
everything was played before.} Nxb4 $8 {Another necessity.} (18... Qxa2 19. Nc7
$1 d3 (19... Rxe2 20. Nxa8) 20. Qxd3 Rad8 21. Bd5 Rxe2 22. h3 $1 Rxe1+ (22...
Ne5 23. Qc3) (22... Bh5 23. g4) 23. Rxe1 Be6 24. Qe4 Rxd5 25. Nxd5 Qd2 26. Nf4
$18) 19. Qxd4 Nxd5 20. Qxg4 $16 {Although theory is counting on this position
like it is equal in reality white is clearly better due to the better piece
and the liquidablity of queen's flank pawns.} Rad8 21. Qc4 {One of the methods.
} (21. Red1 Nf6 22. Rxd8 (22. Qc4 $14 {looks conventional and good.}) 22...
Rxd8 23. Qc8 $5 {is a la Hodgson.}) 21... b5 $5 {The most common one.} (21...
Nb6 22. Qb3 (22. Qc3 $5 Qxa2 23. Ra1 Qc4 24. Qb2) 22... Rd2 23. Rc7 Rd7 24.
Rec1 $16) (21... b6 $142 {real players like Potkin would be more cautious.} 22.
Bf3 $14) 22. Qb3 Nf6 ({a2 does not fall after.} 22... Nb4 $6 23. Red1 Rxd1+ 24.
Rxd1 Nxa2 $2 25. Bd5) (22... b4 $6 23. Rc4 Nc3 24. Bf3 Rd2 25. Rxb4 $16) 23.
Bc6 Re5 24. Qb2 $2 $146 {Not all the novelties are good, huh?} (24. Red1 Rxd1+
(24... Rd2 25. Rxd2 Qxd2 26. Rd1 Qxe2 27. Rd8+ Ne8 28. Kg2 a5 (28... h6 29. Ra8
$16 {Spragget-Gentes,Canada(ch) 1999.}) 29. Qc3 $1 Re6 (29... Kf8 30. Qxa5 $18)
30. Bd7 Re7 31. Qc8 Qe4+ 32. Kh3 Kf8 33. Qc5 $1 Kg8 34. Qxe7 Qxe7 35. Rxe8+ $18
) 25. Rxd1 h6 26. Bf3 Rc5 27. Kg2 $16) 24... Rc5 $1 {A great move!} 25. Bf3 h6
$2 {This move allows whites grip once again.} (25... Rdc8 $1 $11 {of course
some one like Van Wely immediately spots out the correct move. If all rooks
will be exchanged black won't have any problems.} 26. Kg2 (26. Rb1 a6) 26...
Rxc1 27. Rxc1 Rxc1 28. Qxc1 g6 $11) 26. Kg2 Rdc8 {Too late.} (26... Rd2 27. Qb1
$16) 27. Rxc5 Rxc5 28. Rd1 Qc7 {After black's last I could not decide for a
while which square to chose for my rook on the d line.} 29. Rd4 (29. Rd3 a5)
29... a5 $6 {Once again black does not seize for his chances.} (29... Rc4 $1
30. Rd3 b4 31. a3 $5 (31. Qd2 Rc3 32. Rd8+ Kh7 33. Qd4 Qc5 34. e4 Rc4 35. Qd3
Rc3 $11) 31... a5 32. axb4 axb4 33. Qb3 $14) 30. Qd2 Re5 31. h4 b4 32. g4 $1 {
If white has any advantage,it is around expansion of his kingside.} g5 {Brave !
} (32... Qc5 33. Qd3 Re8 34. Rd6 Qe5 35. Rb6 $1 $40 (35. Qd4 $6 Qxd4 36. Rxd4
g5 37. hxg5 hxg5 38. Rc4 Re5 39. e3 Nd5 40. Bxd5 Rxd5 41. Rc8+ Kg7 42. Ra8 Kf6
43. Ra7 Ke6 44. Kg3 Rc5 45. f4 Rc3 46. Rxa5 Rxe3+ 47. Kf2 gxf4 48. Ra4 Ra3 49.
Rxb4 Rxa2+ 50. Kf3 $11)) 33. Rd6 Kg7 34. Rc6 Qe7 35. h5 $1 {I have foressen
that g6 square may become important combined with a battery on line c.} Re6 36.
Rc4 Qd6 37. Rd4 Qc5 38. e3 Rb6 39. Bd1 $1 {White is switching tactics and
keeping black busy.} Re6 (39... Qc3 $2 40. Qxc3 bxc3 41. Rc4 Rb2 42. Bb3 $16) (
39... Qc6+ 40. f3 Qc3 41. Bb3 $16) 40. Qd3 Qc6+ 41. Bf3 Qc7 42. Rc4 Qd6 43. Qc2
{Finally battery on the c line is all set.} Re5 44. Rc6 Qd7 $4 {Forgetting
about the importance of g6 square.} (44... Qb8 $2 45. Rc7) (44... Qe7 $2 45.
Rc7 Nd7 46. Qd2) (44... Qd8 $1 45. Qb2 $1 (45. Rc7 Re7 46. Rc5 Rd7 47. Qf5 (47.
Qa4 Rd2 $1 48. Qxa5 Qe7 49. Re5 Qd6 $44) 47... Ra7 48. Rb5 Qc7 {still holds.})
45... Qe7 46. Ra6 Qc5 47. Qd4 $1 $16) 45. Rc7 1-0

[Event "Moscow Aeroflot op"]
[Site "Moscow"]
[Date "2002.02.07"]
[Round "5"]
[White "Mamedyarov, Shakhriyar"]
[Black "Lastin, Alexander"]
[Result "1/2-1/2"]
[WhiteElo "2522"]
[BlackElo "2630"]
[Annotator "Atlas,V"]
[PlyCount "76"]
[EventDate "2002.02.04"]
[EventType "swiss"]
[EventRounds "9"]
[EventCountry "RUS"]
[SourceTitle "CBM 088"]
[Source "ChessBase"]
[SourceDate "2002.03.21"]
[SourceVersion "1"]
[SourceVersionDate "2002.03.21"]
[SourceQuality "1"]

1. d4 e6 2. Nf3 d5 3. c4 c5 4. cxd5 exd5 5. Nc3 Nc6 6. g3 Nf6 7. Bg2 Be7 8. O-O
O-O 9. dxc5 Bxc5 10. Bg5 d4 11. Bxf6 Qxf6 12. Nd5 Qd8 13. Nd2 Bh3 14. Bxh3 Qxd5
15. Bg2 Qe5 16. Rc1 Rac8 17. Qb3 Qe7 18. Qb5 Bb6 19. Nb3 Rfe8 20. Rc2 Ne5 21.
Rxc8 Rxc8 22. Bxb7 Rc2 23. Be4 d3 24. exd3 Rxb2 25. d4 Nd7 26. Re1 g6 27. Re2
Bxd4 28. Bc2 Qd6 $1 29. Rd2 $2 {[%tqu "En","White's last move was a serious
mistake. How would you prove it?","Exploit the shaky position of the enemy
queen.","Sacrifice your bishop!","d4f2","This unexpected bishop sacrifice
yields Black a decisive advantage.",6]} Bxf2+ $3 {[%csl Rb3,Rd2][%cal Gb2b5,
Gd6d2] Impressive refutation of White's mistake on the last move.} 30. Rxf2 ({
After} 30. Kxf2 Qxd2+ 31. Nxd2 Rxb5 {White is lost.}) {[%tqu "En","How would
you justify the bishop sacrifice on the previous move?","Watch out for
geometrical motifs!","Sacrifice your rook!","b2c2","That's it! This move
yields Black a large advantage.",4]} 30... Rxc2 $1 {[%cal Gd6d1,Gd1c2,Gd1g1]
This impressive sacrifice crowns Black's elegant combination.} 31. Rxc2 Qd1+
32. Kf2 Qxc2+ 33. Qe2 ({The only move.} 33. Ke1 {fails to} Qb1+ 34. Kd2 Qxa2+)
(33. Ke3 {falls short of} Qxa2) 33... Qf5+ ({After} 33... Qxe2+ 34. Kxe2 f5 {
Black has excellent winning chances in the ending.}) 34. Qf3 Qh3 $6 (34...
Qxf3+ 35. Kxf3 f5 {was to be preferred.}) 35. Kg1 Ne5 ({After} 35... Nf8 {
or 35... Kg7 Black would keep good winning chances.}) 36. Qd5 Qh5 $2 (36... Ng4
$1 {was a right choice, allowing Black to retain a large advantage.}) 37. Qa8+
Kg7 38. Qxa7 Qd1+ ({Complications after} 38... Nf3+ 39. Kg2 Nxh2 40. Qd4+ {
are very difficult to assess, so Black's decision to force a draw is quite
understandable.}) 1/2-1/2

[Event "FRA-chT Gp-B"]
[Site "France"]
[Date "2003.04.03"]
[Round "4.2"]
[White "Wirig, Anthony"]
[Black "Kazhgaleyev, Murtas"]
[Result "0-1"]
[WhiteElo "2347"]
[BlackElo "2604"]
[Annotator "Atlas,V"]
[PlyCount "54"]
[EventDate "2003.01.31"]
[EventType "team"]
[EventRounds "7"]
[EventCountry "FRA"]
[SourceTitle "CBM 095"]
[Source "ChessBase"]
[SourceDate "2003.07.25"]
[SourceVersion "1"]
[SourceVersionDate "2003.07.25"]
[SourceQuality "1"]
[WhiteTeam "Vandoeuvre"]
[BlackTeam "Cannes"]
[WhiteTeamCountry "FRA"]
[BlackTeamCountry "FRA"]

1. c4 e6 2. g3 d5 3. Bg2 c5 4. cxd5 exd5 5. d4 Nc6 6. Nf3 Nf6 7. O-O Be7 8.
dxc5 Bxc5 9. Bg5 O-O 10. Nc3 d4 11. Ne4 Be7 12. Nxf6+ Bxf6 13. Bxf6 Qxf6 14.
Ne1 Re8 15. Nd3 Bf5 16. Rc1 Be4 17. Bxe4 Rxe4 18. Nc5 Re7 19. Qc2 Rae8 20. Nxb7
Nb4 21. Qa4 Qb6 22. Rc4 Nd5 23. Na5 Qxb2 24. Nc6 Rxe2 25. Rxd4 Ne3 $2 ({
This appealing move is, in fact, a serious mistake. The correct choice was} 
25... Nc3 {, keeping a minimal advantage}) 26. Rb4 $2 ({White misses a
beautiful winning combination:} 26. Ne7+ $1 Kf8 (26... Rxe7 27. Rd8+) 27. Ng6+
$3 hxg6 (27... fxg6 28. fxe3+ Kg8 29. Qxe8#) 28. Rh4 $3 {, and Black is
defenseless:} Nxf1 (28... Rb8 29. Rh8+ Ke7 30. Qe4+ Kd7 31. Rxb8 Qxb8 32. fxe3
{, winning}) 29. Rh8+ Ke7 30. Rxe8+ Kd6 (30... Kf6 31. Qf4#) 31. Qa6+ {, and
White wins.}) {[%tqu "En","How can Black use the superior activity of his
pieces?","Exploit the weakness of White's back rank.","Use your e2-rook for
the decisive blow.","e2f2","Excellent! This brilliant move wins immediately.",
5]} 26... Rxf2 $1 {[%csl Rf1,Rg1][%cal Gf2f1,Ge3f1,Gb2c1] This brilliant
sacrifice decides the game for Black.} 27. Ne7+ ({Other continuations are not
better:} 27. Rxb2 Rxf1#) (27. Rxf2 Qc1+) 27... Rxe7 {, and White resigned in
view of inevitable mate.} 0-1